| 000 | 04341cam a2200493 i 4500 | ||
|---|---|---|---|
| 001 | 60631 | ||
| 003 | CO-BoRNBP | ||
| 005 | 20260227201224.0 | ||
| 007 | ta | ||
| 008 | 210729r20242021ck er 001 edspa d | ||
| 020 | _a9789585579873 | ||
| 020 | _a9585579871 | ||
| 040 |
_aCO-BoUNC _bspa _erda _cCO-BoUNC |
||
| 043 | _ae-sp--- | ||
| 082 | 0 | 4 |
_a864.7 _bV182ei _223 |
| 082 | 0 | 4 |
_a864.7 _bV15I _223 |
| 082 | 0 | 4 |
_a864.7 _bV182i _223 |
| 084 | _aN VAS1 | ||
| 100 | 1 |
_aVallejo Moreu, Irene _d1979- _eautor _969293 |
|
| 245 | 1 | 3 |
_aEl infinito en un junco : _bla invención de los libros en el mundo antiguo / _cIrene Vallejo. |
| 250 | _aPrimera edición | ||
| 264 | 1 |
_aBogotá, Colombia : _bPenguin Random House Grupo Editorial ; _bDebolsillo, _c2024. |
|
| 264 | 3 | _c2024. | |
| 264 | 4 | _c2021. | |
| 300 |
_a451 páginas ; _c22 cm. |
||
| 336 |
_atexto _btxt _2rdacontent |
||
| 337 |
_asin mediación _bn _2rdamedia |
||
| 338 |
_avolumen _bnc _2rdacarrier |
||
| 490 | 1 | _aBiblioteca Irene Vallejo | |
| 500 | _aPrimera impresión en Colombia: junio, 2021 | ||
| 500 | _aReimpresiones: junio, 2021 (primera) ; agosto, 2021 (segunda) ; abril, 2024 (decimatercera) ; julio, 2024 (decimacuarta) | ||
| 500 | _aIncluye datos biográficos del autor en las páginas preliminares del libro | ||
| 504 | _aIncluye referencias bibliográficas (páginas 435-443) el índice onomástico | ||
| 505 | 0 | _aI. Grecia imagina el futuro -- La ciudad de los placeres y los libros -- Alejandro: el mundo nunca es suficiente -- El amigo macedonio -- Equilibrio al filo del abismo: la Biblioteca y el Museo de Alejandría -- Una historia de fuego y pasadizos -- La piel de los libros -- Una tarea detectivesca -- Homero como enigma y como ocaso -- El mundo perdido de la oralidad: un tapiz de ecos -- La revolución apacible del alfabeto -- Voces que salen de la niebla, tiempos indecisos -- Aprender a leer sombras -- El éxito de las palabras díscolas -- El primer libro -- Las librerías ambulantes -- La religión de la cultura -- Un hombre de memoria prodigiosa y un grupo de chicas vanguardistas -- Tejedoras de historias -- Es el otro quien me cuenta mi historia -- El drama de la risa y nuestra deuda con los vertederos -- Una apasionada relación con las palabras -- El veneno de los libros. Su fragilidad -- Las tres destrucciones de la Biblioteca de Alejandría -- Botes salvavidas y mariposas negras -- Así empezamos a ser tan extraños -- II. Los caminos de Roma -- Una ciudad con mala reputación -- La literatura de la derrota -- El umbral invisible de la esclavitud -- En el principio fueron los árboles -- Escritores pobres, lectores ricos -- Una joven familia -- Librero: oficio de riesgo -- Infancia y éxito de los libros de páginas -- Bibliotecas públicas en los palacios del agua -- Dos hispanos: el primer fan y el escritor maduro -- Herculano: la destrucción que preserva -- Ovidio choca contra la censura -- La dulce inercia -- Viaje al interior de los libros y cómo nombrarlos -- ¿Qué es un clásico? -- Canon: historia de un junco -- Añicos de voces femeninas -- Lo que se creía eterno resultó efímero -- Atrévete a recordar -- Epílogo. Los olvidados, las anónimas | |
| 520 | 1 | _aEn esta obra exquisita sobre los orígenes del libro, Irene Vallejo recorre la historia del asombroso artefacto que nació hace cinco milenios, cuando los egipcios descubrieron el potencial de un junco al que llamaron papiro. Con gran sensibilidad y soltura narrativa, la autora se remonta a los campos de batalla de Alejandro, los palacios de Cleopatra, las primeras librerías o los talleres de copia manuscrita, pero también visita las hogueras donde ardieron códices prohibidos, la biblioteca de Sarajevo y el laberinto subterráneo de Oxford en el año 2000. Los tiempos se funden en la aventura colectiva de quienes solo han concebido la vida en compañía de la palabra escrita. Y este ensayo acaba prolongando el diálogo infinito del que tan magistralmente nos habla | |
| 650 | 1 | 7 |
_aEnsayos españoles _ySiglo XXI _2LEMB _969294 |
| 650 | 1 | 7 |
_aLibros _xHistoria _2LEMB _959755 |
| 650 | 1 | 7 |
_aBibliotecas _xHistoria _2LEMB _969295 |
| 650 | 1 | 7 |
_aLibros y lectura _xHistoria _2LEMB _969296 |
| 650 | 1 | 7 |
_aLibreros _2LEMB _969297 |
| 650 | 1 | 7 |
_aLiteratura española _2LEMB _9489 |
| 830 | 0 |
_aBiblioteca Irene Vallejo _969298 |
|
| 942 |
_2ddc _cBK |
||
| 999 |
_c60631 _d60631 |
||